000 00357 a2200157 4500
001 175460
020 _a85-342-0617-1
040 _cMagnum
100 _aSampaio, Francisco Azevedo de Arruda
240 1 0 _aCaminhos da ciência 4
_lpor
245 1 0 _aCaminhos da ciência 4
300 _a288
362 0 _a2001
697 _aCIÊNCIAS PURAS
942 _cBK
999 _c175460
_d175460